00399nam a2200121 a 45000010005000000030005000050050017000100080041000270400026000681000016000942450127001102600040002371120CDMR20130708111145.0130130s1996||||||||||||||||||||||||||||d aCDMRbcatcCPC GIRONA1 aGifre, Pere14aEls Farners: vassalls de senyors i senyors de pagesosbCatàleg documental de l'Arxiu FarnerscGifre Pere , Soler, Santi c1996bConsell Comarcal de la Selva